La enseñanza de la Matemática en el jardín de Infantes: a través de secuencias didácticas
Kaydedildi:
| Asıl Yazarlar: | , |
|---|---|
| Materyal Türü: | Kitap |
| Dil: | İspanyolca |
| Baskı/Yayın Bilgisi: |
Rosario
Homo Sapiens
2006
|
| Edisyon: | 1a. ed |
| Konular: | |
| Etiketler: |
Etiketle
Etiket eklenmemiş, İlk siz ekleyin!
|
MARC
| LEADER | 00000nam a2200000 a 4500 | ||
|---|---|---|---|
| 001 | UCH2638 | ||
| 003 | CL-VaPUC | ||
| 008 | 090618e20060800AG |||||||||||||||||spa|d | ||
| 020 | |a 9508084944 | ||
| 082 | 0 | 4 | |a 372.21 |b GON |2 21 |
| 100 | 0 | |a González, Adriana |e author |9 537605 | |
| 700 | 0 | |a Weinstein, Edith |e author |9 537606 | |
| 245 | 1 | 3 | |a La enseñanza de la Matemática en el jardín de Infantes: a través de secuencias didácticas |
| 250 | |a 1a. ed | ||
| 300 | |a 258 p | ||
| 942 | |c BK | ||
| 945 | |d 20090618 00:00:00 |a dcastane | ||
| 260 | |a Rosario |b Homo Sapiens |c 2006 | ||
| 650 | 0 | |a Matemáticas |x Enseñanza |9 875527 | |
| 650 | 0 | |a Jardines infantiles |9 307427 | |
| 650 | 0 | |a Educación preescolar |9 260381 | |
| 583 | |a last modification |c 20090618 00:00:00 |k Rodrigo Vera | ||
| 999 | |c 334360 |d 334358 | ||
| 952 | |0 0 |1 0 |4 0 |6 372_210000000000000_GON_2006 |7 0 |8 A |9 423338 |a BIBEDU |b BIBEDU |d 2019-11-22 |i 4563514 |l 4 |o 372.21 GON 2006 |p 4563514 |r 2023-06-23 |s 2023-06-19 |w 2019-11-22 |y BK |k PAR | ||